000 00531nam a2200181Ia 4500
001 24756
005 20260414151104.0
008 260414t2021||||xx |||||||||||||| ||spa||
041 _aESP
082 _a345.733
_bC534
100 _aChávez Hurtado, Joaquín
_eAUT
245 0 _aProcedimientos no contenciosos. Guía de solicitudes / Procedimientos contenciosos. Guía para la defensa del contribuyente
_b
260 _c2021
300 _a64 páginas :
_c24 cm.
650 _aDER
654 _aCDE
942 _cLIB
_dJUS
_fJUS
_2ddc
_n
999 _c24756
_d24756